Die Herrin vom Nil : Roman einer Pharaonin
Saved in:
| Main Author: | |
|---|---|
| Other Authors: | |
| Format: | Book |
| Language: | German English |
| Published: |
Gutersloh :
Bertelsmann Club,
c1981.
|
| Subjects: | |
| Tags: |
Add Tag
No Tags, Be the first to tag this record!
|
MARC
| LEADER | 00000cam a2200000 i 4500 | ||
|---|---|---|---|
| 001 | 1/35030 | ||
| 008 | 061003s1981 gw | ||| |||| ||ger|| | ||
| 035 | |l 10085398 | ||
| 040 | |a GR-MyUA |b gre |e AACR2 | ||
| 041 | 1 | |a ger |h eng | |
| 082 | 0 | |a 813.54 |2 (22) | |
| 100 | 1 | |a Gedge, Pauline, |d 1945- | |
| 245 | 1 | 4 | |a Die Herrin vom Nil : |b Roman einer Pharaonin / |c Pauline Gedge ; deutch von Ulla H. de Herrera. |
| 260 | |a Gutersloh : |b Bertelsmann Club, |c c1981. | ||
| 300 | |a 511 σ. ; |c 22 εκ. | ||
| 500 | |a Τίτλος πρωτοτύπου: Child of the morning. | ||
| 600 | 0 | 0 | |a Hatshepsut, |c Queen of Egypt. |
| 650 | 0 | 0 | |a American fiction |x Translations into German. |
| 650 | 0 | 0 | |a Queens |z Egypt |x Fiction. |
| 651 | 0 | |a Egypt |x History. | |
| 700 | 1 | |a De Herrera, Ulla H. |e trlf | |
| 852 | |a INST |b CHIOS |e 20061003 |h 813.54 GED |p 005200027127 |q 005200027127 |t BK |y 0 | ||
| 901 | |a BIBL2-2006-2 | ||
| 909 | |a Χ |b 016339 | ||
| 970 | |a ΒΑΣΙΛΑΚΗ |b ΝΙΚΗ |z 2006/10/03 | ||